000 00862cab a2200253 4500
001 WB2834-07
008 090401t1992 xxu||||| |||| 00| 0 eng d
035 _a(Sirsi) u382
041 _aeng
245 _aMellor blocks house rescue
260 _c1992
350 _a0
490 _aDaily Telegraph
_v3 September 1992, 18
490 _aFinancial Times
_v3 September 1992, 8
490 _aTimes
_v3 September 1992, 12(2)
520 _aAn appeal to the government to fund a rescue package for the purchase of historic Pitchford Hall and its contents for the nation, rather than allow them to be dispersed at auction, has been rejected by the Minister for National Heritage.
650 _aENGLISH HERITAGE
650 _aHISTORIC HOUSES
650 _aPITCHFORD HALL
650 _aSHROPSHIRE
690 _aCONSERVATION
942 _n0
948 _c04/03/1997
999 _c151
_d151